Statistics for States That Beat Arkansas

Click here to take the quiz!

General Stats

  • This quiz has been taken 134 times
    (111 since last reset)
  • The average score is 12 of 14

Answer Stats

RankCategoryAnswer% Correct
10Hottest Average TemperatureFlorida | Hawaii | Louisiana | Texas | Georgia | Mississippi | Alabama | South Carolina | Arizona
99%
10Most Workplace Deaths Per CapitaAlaska | North Dakota | Wyoming | West Virginia | South Dakota | Vermont | Montana | Louisiana | Mississippi
95%
6Highest % ReligiousAlabama | Louisiana | Mississippi | Tennessee | Oklahoma
93%
6Closest State Capital to the Mississippi RiverLouisiana | Minnesota | Mississippi | Illinois | Wisconsin
92%
5Lowest Average Life ExpectancyWest Virginia | Mississippi | Alabama | Kentucky
92%
10Most Manufacturing EmploymentMichigan | Wisconsin | Indiana | Iowa | Ohio | Kentucky | Alabama | Minnesota | Mississippi
91%
10Most Traffic Deaths Per CapitaMississippi | Wyoming | South Carolina | Alabama | New Mexico | Montana | Kentucky | Oklahoma | West Virginia
91%
8Most PrecipitationHawaii | Louisiana | Mississippi | Alabama | Florida | Tennessee | Georgia
89%
3Lowest % With a College DegreeWest Virginia | Mississippi
87%
3Lowest Median Household IncomeMississippi | West Virginia
85%
4Lowest Median Home PriceWest Virginia | Mississippi | Oklahoma
85%
3Highest % ObeseMississippi | West Virginia
81%
3Earliest Admitted West of the Mississippi RiverLouisiana | Missouri
80%
2Highest Gun Ownership RateAlaska
60%

Score Distribution

Percentile by Number Answered

Percent of People with Each Score

Your Score History

You have not taken this quiz since the last reset